000 nam a22 7a 4500
999 _c127833
_d127833
008 180328b xxu||||| |||| 00| 0 eng d
050 _aHC59.72.E5
_bP45 1993
100 _aPelt, Michiel J.F. Van
_941177
245 _aSustainability-oriented project appraisal for developing countries
_cMichiel J.F. Van Pelt
260 _aRotterdam
_bMicheil J.F. Van Pelt
_c1993
300 _aiv, 276p. ;
_c24cm.
650 _aSustainable development
_xDeveloping countries
_xCase studies
_941178
650 _aEconomic development
_xEnvironmental aspects
_94996
650 _aEconomic development projects
_xEnvironmental aspects
_xDeveloping countries
_xEvaluation
_941179
942 _2lcc
_cMONOGRAPH